Determinación de parámetros climatológicos para el diseño de sistemas térmicos según el formato de 1997 de ASHRAE
Guardado en:
| Autor principal: | |
|---|---|
| Otros Autores: | |
| Formato: | Libro |
| Publicado: |
San José, Costa Rica
2001
|
| Materias: | |
| Etiquetas: |
Agregar Etiqueta
Sin Etiquetas, Sea el primero en etiquetar este registro!
|
MARC
| LEADER | 00000nam a2200000Ia 4500 | ||
|---|---|---|---|
| 003 | 008810 | ||
| 005 | 20240515143838.0 | ||
| 008 | 140114s2001 cr a m 000 ||s d | ||
| 040 | |c cru CEDI | ||
| 090 | |a TFG 4469 | ||
| 100 | |a Alpízar Sánchez, Luis Eliécer, 1967- |9 3039 | ||
| 245 | |a Determinación de parámetros climatológicos para el diseño de sistemas térmicos según el formato de 1997 de ASHRAE | ||
| 260 | |a San José, Costa Rica |c 2001 | ||
| 300 | |a xi, 91 hojas : ilustraciones | ||
| 500 | |a Proyecto de Graduación (licenciatura en ingeniería mecánica)--Universidad de Costa Rica. Facultad de Ingeniería. Escuela de Ingeniería Mecánica | ||
| 501 | |a Director de Proyecto de Graduación: Ing. Víctor Fung Ho | ||
| 650 | |x CLIMATOLOGIA-PROGRAMAS PARA COMPUTADORA |x HUMEDAD ATMOSFERICA- INVESTIGACIONES |9 7664 | ||
| 700 | |a Fung Ho , Víctor, 1967- |d Director del TFG |9 3041 | ||
| 942 | |c TFG |h TFG 4469 |i 008810 |6 TFG_4469_008810000000000 | ||
| 999 | |c 18070 |d 18070 | ||
